|
|
|
|
| LEADER |
00000nam#a22000001a#4500 |
| 001 |
00000614 |
| 003 |
AR-BaUAD |
| 005 |
20230908140424.0 |
| 008 |
931207s1900####it#a|||##||||||||#||fre|d |
| 040 |
|
|
|a AR-BaUAD
|b spa
|c AR-BaUAD
|
| 041 |
|
|
|a fre
|
| 044 |
|
|
|c it
|2 ISO3166-1
|
| 100 |
1 |
|
|a Supino, Higinio Bienvenido
|
| 245 |
1 |
0 |
|a Sandro Botticelli /
|c tr. par M. J. de Grozals ..
|
| 260 |
|
|
|a Florence :
|b Alinari Frères,
|c 1900
|
| 300 |
|
|
|a 169 p., 12 láms :
|b il.
|
| 504 |
|
|
|a Bibliografía: p. 163-65.
|
| 653 |
|
|
|a HISTORIA
|
| 653 |
|
|
|a ARTE
|
| 653 |
|
|
|a PINTURA
|
| 653 |
|
|
|a PINTORES
|
| 653 |
|
|
|a BOTTICELLI, SANDRO
|
| 653 |
|
|
|a ITALIA
|
| 653 |
|
|
|a SIGLO XV
|
| 655 |
|
|
|a TEXTO
|
| 852 |
|
|
|c 70-2
|
| 952 |
|
|
|0 0
|1 0
|4 0
|6 702
|7 0
|9 9103
|a AR-BaUAD
|b AR-BaUAD
|d 0000-00-00
|e por transf. FCEFN
|i 614
|l 0
|o 70-2
|p o7g3n614
|r 2023-09-08 14:04:24
|w 2023-09-08
|y BK
|
| 990 |
|
|
|a Ej. No1 : 614 . 31/12/1947 -- por transf. FCEFN --
|b ADM
|
| 990 |
|
|
|a A190
|b TD
|
| 990 |
|
|
|a AAQ00000614
|b CC
|
| 998 |
|
|
|a AAQ
|b Bibun 76
|
| 942 |
|
|
|c BK
|
| 999 |
|
|
|c 4128
|d 4128
|